Truyện dân gian Kim bảng Tập 2

Na minha lista:
Detalhes bibliográficos
Autor principal: Lê Hữu Bách
Formato: Livro
Idioma:Vietnamese
Publicado em: H. Dân trí 2011
Tags: Adicionar Tag
Sem tags, seja o primeiro a adicionar uma tag!
Thư viện lưu trữ: Mạng thư viện Đại học Đà Nẵng
LEADER 00923nam a2200277 4500
001 000016237
003 12635
005 20120727090728.0
008 120727s2011 viesd
041 0 |a vie 
082 |a 398.209597  |b LÊ-B 
100 0 |a Lê Hữu Bách 
245 1 0 |a Truyện dân gian Kim bảng  |c Lê Hữu Bách  |n Tập 2 
260 |a H.  |b Dân trí  |c 2011 
300 |a 425 tr.  |c 21 cm. 
773 |t Truyện dân gian Kim Bảng  |w 12632 
OWN |a LSP 
AVA |a UDN50  |b LSP  |d 398.209597 LÊ-B  |e available  |t Error 5001 Not defined in file expand_doc_bib_avail.  |f 1  |g 0  |h N  |i 0  |k 1 
999 |a From the UDN01 
AVA |a UDN50  |b LSP  |d 398.209597 LÊ-B  |e available  |t Error 5001 Not defined in file expand_doc_bib_avail.  |f 1  |g 0  |h N  |i 0  |k 1 
TYP |a Monograph 
TYP |a Printed language 
980 |a Mạng thư viện Đại học Đà Nẵng